[Event "Verbandsliga Nordbaden 1617"]
[Site "Baden"]
[Date "2017.05.14"]
[Round "9.3"]
[White "Faulhaber, Rolf"]
[Black "Grofig, Patrick"]
[Result "1/2-1/2"]
[WhiteElo "2028"]
[BlackElo "2128"]
[PlyCount "50"]
[EventDate "2016.10.09"]
[EventType "team-tourn"]
[EventRounds "9"]
[EventCountry "GER"]
[SourceTitle "EXT 2022"]
[Source "ChessBase"]
[SourceDate "2021.10.06"]
[SourceVersion "1"]
[SourceVersionDate "2021.10.06"]
[SourceQuality "1"]
[WhiteTeam "Tauberbischofsheim"]
[BlackTeam "Karlsruhe II"]
[WhiteTeamCountry "GER"]
[BlackTeamCountry "GER"]

1. c4 c6 2. Nf3 d5 3. d4 Nf6 4. e3 g6 5. Bd3 Bg7 6. 0-0 0-0 7. Nc3 a6 8. b3 Nbd7 9. Bb2 b5 10. Qe2 Re8 11. a3 bxc4 12. bxc4 e5 13. Nxe5 Nxe5 14. dxe5 dxc4 15. Bxc4 Rxe5 16. Rfd1 Qe7 17. Qd2 Bg4 18. Be2 Rh5 19. Qd4 Bxe2 20. Nxe2 Ne8 21. Qd2 Rd5 22. Qc2 Rc5 23. Qd2 Rd5 24. Qc2 Rc5 25. Qd2 Rd5 1/2-1/2

[Event "Verbandsliga Nordbaden 1617"]
[Site "Baden"]
[Date "2016.11.20"]
[Round "3.7"]
[White "Gharieb, Andre"]
[Black "Grofig, Patrick"]
[Result "1/2-1/2"]
[WhiteElo "2000"]
[BlackElo "2128"]
[PlyCount "46"]
[EventDate "2016.10.09"]
[EventType "team-tourn"]
[EventRounds "9"]
[EventCountry "GER"]
[SourceTitle "EXT 2022"]
[Source "ChessBase"]
[SourceDate "2021.10.06"]
[SourceVersion "1"]
[SourceVersionDate "2021.10.06"]
[SourceQuality "1"]
[WhiteTeam "Pforzheim"]
[BlackTeam "Karlsruhe"]
[WhiteTeamCountry "GER"]
[BlackTeamCountry "GER"]

1. d4 d5 2. Nf3 Nf6 3. Bf4 g6 4. e3 Bg7 5. Bd3 0-0 6. h3 c5 7. c3 b6 8. 0-0 Ba6 9. Re1 Bxd3 10. Qxd3 Ne4 11. Nbd2 f5 12. Be5 Nc6 13. Bxg7 Kxg7 14. Rad1 c4 15. Qc2 b5 16. a3 Qd6 17. Nf1 e6 18. N3d2 Rf7 19. f4 a5 20. Nf3 b4 21. Ne5 Nxe5 22. fxe5 Qf8 23. Ra1 b3 1/2-1/2

[Event "Verbandsliga Nord Baden 0809"]
[Site "Germany"]
[Date "2008.11.30"]
[Round "4.8"]
[White "Grofig, Patrick"]
[Black "Schlippe, Axel"]
[Result "1-0"]
[WhiteElo "2137"]
[BlackElo "1981"]
[PlyCount "55"]
[EventDate "2008.09.28"]
[EventType "team"]
[EventRounds "9"]
[EventCountry "GER"]
[SourceTitle "EXT 2010"]
[Source "ChessBase"]
[SourceDate "2010.11.25"]
[SourceVersion "1"]
[SourceVersionDate "2010.11.25"]
[SourceQuality "1"]
[WhiteTeam "Karlsruhe II"]
[BlackTeam "Ettlingen"]
[WhiteTeamCountry "GER"]
[BlackTeamCountry "GER"]

1. d4 d6 2. e4 Nf6 3. Bd3 e5 4. c3 d5 5. f3 dxe4 6. fxe4 Nxe4 7. Nf3 Nf6 8. Nxe5 Be6 9. Nd2 Nbd7 10. Ndf3 Nxe5 11. Nxe5 Nd7 12. Bf4 Bd6 13. Qe2 Qe7 14. 0-0 Nxe5 15. Bxe5 Bxe5 16. Qxe5 f6 17. Qe3 Bf7 18. Qh3 Qd7 19. Rfe1+ Kd8 20. Bf5 Qd6 21. Be6 Be8 22. Rad1 Bd7 23. d5 h6 24. c4 b6 25. Qg4 g5 26. b4 a5 27. Qd4 Qf4 28. Re4 1-0

[Event "Ruhrgebiet Regionalliga 0405"]
[Site "Ruhrgebiet"]
[Date "2004.12.05"]
[Round "4.8"]
[White "Pruefer, Wolfgang"]
[Black "Grofig, Patrick"]
[Result "1-0"]
[WhiteElo "2103"]
[BlackElo "1917"]
[PlyCount "81"]
[EventDate "2004.09.19"]
[EventType "team"]
[EventRounds "9"]
[EventCountry "GER"]
[SourceTitle "EXT 2006"]
[Source "ChessBase"]
[SourceDate "2005.11.24"]
[SourceVersion "1"]
[SourceVersionDate "2005.11.24"]
[SourceQuality "1"]
[WhiteTeam "Oberhausen"]
[BlackTeam "Berghofen Wambel"]
[WhiteTeamCountry "GER"]
[BlackTeamCountry "GER"]

1. d4 d5 2. Nf3 c6 3. Bf4 Nf6 4. c3 Bf5 5. e3 e6 6. Nbd2 Bd6 7. Ne5 0-0 8. Be2 Ne4 9. g4 Nxd2 10. Qxd2 Bg6 11. h4 f6 12. Nxg6 hxg6 13. Bd3 e5 14. dxe5 fxe5 15. Bg5 Qe8 16. e4 Qe6 17. 0-0-0 d4 18. Kb1 c5 19. Qe2 Qe7 20. Bc4+ Rf7 21. Qf3 Kf8 22. Qxf7+ Qxf7 23. Bxf7 Kxf7 24. f4 Nc6 25. f5 Rh8 26. h5 gxf5 27. gxf5 Be7 28. Bc1 Na5 29. h6 gxh6 30. Rxh6 Rxh6 31. Bxh6 Nc4 32. Kc2 Nd6 33. cxd4 cxd4 34. Kd3 a6 35. Rg1 Ne8 36. Rg6 Bf6 37. Bg5 b5 38. Bxf6 Nxf6 39. b4 Nh5 40. Rxa6 Nf4+ 41. Kd2 1-0

[Event "GER-chT U20"]
[Site "Ditzingen"]
[Date "2003.12.29"]
[Round "5.4"]
[White "Klinger, Stefan"]
[Black "Grofig, Patrick"]
[Result "0-1"]
[WhiteElo "1699"]
[BlackElo "2116"]
[PlyCount "50"]
[EventDate "2003.12.27"]
[EventType "team-swiss"]
[EventRounds "7"]
[EventCountry "GER"]
[SourceTitle "EXT 2022"]
[Source "ChessBase"]
[SourceDate "2021.10.06"]
[SourceVersion "1"]
[SourceVersionDate "2021.10.06"]
[SourceQuality "1"]
[WhiteTeam "Geretsried TuS U20"]
[BlackTeam "Berghofen Wambel U20"]
[WhiteTeamCountry "GER"]
[BlackTeamCountry "GER"]

1. d4 d5 2. Nf3 Nf6 3. Bf4 c5 4. e3 Nc6 5. c3 e6 6. Nbd2 Bd7 7. Bd3 a6 8. 0-0 b5 9. Re1 cxd4 10. exd4 Qb6 11. Ne5 Be7 12. Qf3 b4 13. Nxd7 Nxd7 14. Qg3 Bf6 15. Nf3 Nf8 16. Ne5 Ng6 17. Nxg6 hxg6 18. Bxg6 fxg6 19. Rxe6+ Kf7 20. Bc7 Qb7 21. Qd6 Ne7 22. Rae1 Rhe8 23. cxb4 Rac8 24. Ba5 Nf5 25. Re7+ Rxe7 0-1

[Event "GER-chT U20"]
[Site "Ditzingen"]
[Date "2003.12.28"]
[Round "4.4"]
[White "Grofig, Patrick"]
[Black "Moyles Johnson, Yannick"]
[Result "1-0"]
[WhiteElo "2116"]
[BlackElo "1587"]
[PlyCount "63"]
[EventDate "2003.12.27"]
[EventType "team-swiss"]
[EventRounds "7"]
[EventCountry "GER"]
[SourceTitle "EXT 2022"]
[Source "ChessBase"]
[SourceDate "2021.10.06"]
[SourceVersion "1"]
[SourceVersionDate "2021.10.06"]
[SourceQuality "1"]
[WhiteTeam "Berghofen Wambel U20"]
[BlackTeam "Puschendorf U20"]
[WhiteTeamCountry "GER"]
[BlackTeamCountry "GER"]

1. Nf3 Nc6 2. d4 d5 3. c4 e6 4. Nc3 Nf6 5. Bg5 Be7 6. e3 0-0 7. Rc1 a6 8. a3 Re8 9. b4 dxc4 10. Bxc4 b5 11. Bb3 Bb7 12. 0-0 Nd7 13. Bxe7 Nxe7 14. Ng5 Nd5 15. Qh5 Nf8 16. Qxf7+ Kh8 17. Bxd5 Bxd5 18. Nxd5 exd5 19. Qf4 Qf6 20. Nf7+ Kg8 21. Qxf6 gxf6 22. Rxc7 Ne6 23. Nh6+ Kh8 24. Rc3 Rec8 25. Rfc1 Rxc3 26. Rxc3 Ra7 27. Nf5 Rc7 28. Rxc7 Nxc7 29. Kf1 Kg8 30. Ke2 Kf7 31. Nd6+ Ke6 32. Nb7 1-0

[Event "GER-chT U20"]
[Site "Ditzingen"]
[Date "2003.12.27"]
[Round "1.4"]
[White "Grofig, Patrick"]
[Black "Scheerer, Kim"]
[Result "1-0"]
[WhiteElo "2116"]
[BlackElo "1389"]
[PlyCount "83"]
[EventDate "2003.12.27"]
[EventType "team-swiss"]
[EventRounds "7"]
[EventCountry "GER"]
[SourceTitle "EXT 2022"]
[Source "ChessBase"]
[SourceDate "2021.10.06"]
[SourceVersion "1"]
[SourceVersionDate "2021.10.06"]
[SourceQuality "1"]
[WhiteTeam "Berghofen Wambel U20"]
[BlackTeam "Ditzingen U20"]
[WhiteTeamCountry "GER"]
[BlackTeamCountry "GER"]

1. Nf3 e6 2. d4 d5 3. c4 Nf6 4. Nc3 Bb4 5. Qa4+ Nc6 6. Bg5 Bd7 7. Qb3 Qe7 8. cxd5 exd5 9. Bxf6 Qxf6 10. Qxd5 Be6 11. Qe4 0-0 12. e3 Rad8 13. Bd3 g6 14. 0-0 Bxc3 15. bxc3 Bf5 16. Qf4 Qd6 17. Qxd6 Rxd6 18. Bxf5 gxf5 19. Rfb1 b6 20. Rb5 Rf6 21. g3 a6 22. Rd5 Rc8 23. Nh4 Ne7 24. Re5 Kf8 25. Rc1 Rd8 26. c4 Rdd6 27. Kf1 Rde6 28. f4 Ng6 29. Nxg6+ fxg6 30. d5 Re8 31. Ke2 c6 32. a4 Rb8 33. Rb1 c5 34. Kd3 Kf7 35. e4 a5 36. exf5 Rxf5 37. Rbe1 Rxe5 38. fxe5 Ke7 39. Rf1 Rf8 40. d6+ Ke8 41. d7+ Ke7 42. Rxf8 1-0

[Event "Ruhrgebiet VL2 0304"]
[Site "Ruhrgebiet"]
[Date "2003.10.19"]
[Round "2.8"]
[White "Grofig, Patrick"]
[Black "Diebig, Klaus"]
[Result "1/2-1/2"]
[WhiteElo "1860"]
[BlackElo "1821"]
[PlyCount "104"]
[EventDate "2003.09.28"]
[EventType "team"]
[EventRounds "9"]
[EventCountry "GER"]
[SourceTitle "EXT 2007"]
[Source "ChessBase"]
[SourceDate "2006.11.23"]
[SourceVersion "1"]
[SourceVersionDate "2006.11.23"]
[SourceQuality "1"]
[WhiteTeam "Berghofen Wambel"]
[BlackTeam "Recklinghausen Sued"]
[WhiteTeamCountry "GER"]
[BlackTeamCountry "GER"]

1. Nf3 Nf6 2. d4 d5 3. c4 c6 4. Nc3 e6 5. Bg5 Nbd7 6. e3 Qa5 7. Nd2 Be7 8. a3 0-0 9. b4 Qd8 10. Bd3 dxc4 11. Nxc4 Nd5 12. Bxe7 Qxe7 13. Rc1 Nxc3 14. Rxc3 e5 15. dxe5 Nxe5 16. Bxh7+ Kxh7 17. Qh5+ Kg8 18. Qxe5 Qxe5 19. Nxe5 Be6 20. Ke2 a5 21. Nd3 axb4 22. Nxb4 Ra5 23. Nd3 Rfa8 24. Ra1 b5 25. Rxc6 Rxa3 26. Rxa3 Rxa3 27. Kd2 g6 28. e4 Bc4 29. Ne5 Be6 30. Nxg6 b4 31. Ne5 Ra2+ 32. Ke3 Ra5 33. Nd3 Rb5 34. f4 Rb7 35. f5 Ba2 36. Rc2 b3 37. Rb2 Rc7 38. Nb4 Ra7 39. Kd3 Rd7+ 40. Nd5 Rd8 41. g4 Kg7 42. g5 Rh8 43. Nf4 Rh4 44. Ke3 Rg4 45. g6 fxg6 46. Nxg6 Rg1 47. Ne5 Re1+ 48. Kd4 Bb1 49. Rxb3 Bxe4 50. Nf3 Bxf3 51. Rxf3 Kf6 52. h4 Re5 1/2-1/2

[Event "Dortmund op-A"]
[Site "Dortmund"]
[Date "2003.08.07"]
[Round "6"]
[White "Henrichs, Wenke"]
[Black "Grofig, Patrick"]
[Result "0-1"]
[WhiteElo "2090"]
[BlackElo "1788"]
[PlyCount "138"]
[EventDate "2003.08.01"]
[EventType "swiss"]
[EventRounds "9"]
[EventCountry "GER"]
[SourceTitle "CBM 095 Extra"]
[Source "ChessBase"]
[SourceDate "2003.09.04"]
[SourceVersion "1"]
[SourceVersionDate "2003.09.04"]
[SourceQuality "1"]

1. d4 d5 2. c4 c6 3. Nc3 Nf6 4. Nf3 e6 5. cxd5 exd5 6. Bg5 Be7 7. e3 Bf5 8. Be2 Nbd7 9. 0-0 0-0 10. Rc1 h6 11. Bf4 Nh5 12. Be5 Nxe5 13. dxe5 g6 14. Qb3 Qb6 15. Qa4 Ng7 16. Nd4 Rad8 17. Nxf5 Nxf5 18. Bd3 Nxe3 19. Rfe1 d4 20. Ne2 Nd5 21. Be4 Nb4 22. Red1 c5 23. a3 Na6 24. Qc4 Kg7 25. g3 Rd7 26. b3 Qe6 27. Qxe6 fxe6 28. Nf4 Rxf4 29. gxf4 b6 30. Kg2 Nc7 31. Kf3 Bh4 32. Rg1 g5 33. Rg2 Rf7 34. Rg4 h5 35. Rxh4 gxh4 36. Rg1+ Kf8 37. Rg5 Nb5 38. a4 Nc3 39. Rxh5 Nxe4 40. Kxe4 d3 41. Kxd3 Rxf4 42. Rh6 Kf7 43. Kc3 a6 44. Kd3 b5 45. axb5 axb5 46. Rh7+ Kg6 47. Rc7 Rf3+ 48. Ke2 Rxb3 49. Rxc5 Kf5 50. Kd2 Rb2+ 51. Ke3 Rb3+ 52. Kd2 Kf4 53. Ke2 h3 54. Kd2 b4 55. Rc8 Kxe5 56. Rh8 Kd4 57. Rh4+ Kd5 58. Ke2 e5 59. Kd2 e4 60. Kc1 Rf3 61. Kd1 b3 62. Kc1 Kd4 63. Kb1 Kd3 64. Kc1 Rxf2 65. Rxh3+ e3 66. Rh8 b2+ 67. Kb1 Rf1+ 68. Kxb2 e2 69. Rd8+ Kc4 0-1

[Event "Dortmund op-A"]
[Site "Dortmund"]
[Date "2003.08.02"]
[Round "2"]
[White "Fuhrmann, Marc Andre"]
[Black "Grofig, Patrick"]
[Result "1/2-1/2"]
[WhiteElo "2069"]
[BlackElo "1788"]
[PlyCount "82"]
[EventDate "2003.08.01"]
[EventType "swiss"]
[EventRounds "9"]
[EventCountry "GER"]
[SourceTitle "CBM 095 Extra"]
[Source "ChessBase"]
[SourceDate "2003.09.04"]
[SourceVersion "1"]
[SourceVersionDate "2003.09.04"]
[SourceQuality "1"]

1. d4 Nf6 2. Nf3 d5 3. c4 c6 4. Nc3 e6 5. e3 Nbd7 6. Qc2 Bb4 7. Bd3 dxc4 8. Bxc4 0-0 9. 0-0 c5 10. a3 cxd4 11. exd4 Bd6 12. Bg5 Be7 13. Rfe1 a6 14. Rad1 b5 15. Ba2 Bb7 16. Qe2 h6 17. Bh4 g5 18. Bg3 Nb6 19. Ne5 Nbd5 20. Bb1 Rc8 21. Qd3 Nxc3 22. bxc3 Qd5 23. f3 Kg7 24. Ng6 Rfe8 25. Nxe7 Rxe7 26. Be5 Rh8 27. h4 Rd7 28. Qe3 Rg8 29. hxg5 hxg5 30. Be4 Qa2 31. Rd2 Qxa3 32. Qxg5+ Kf8 33. Qxf6 Qxc3 34. Rde2 Bxe4 35. fxe4 b4 36. d5 Qc5+ 37. Bd4 Qd6 38. dxe6 Qxd4+ 39. Qxd4 Rxd4 40. exf7 Kxf7 41. Ra1 Rg6 1/2-1/2

[Event "Dortmund op-A"]
[Site "Dortmund"]
[Date "2003.08.01"]
[Round "1"]
[White "Grofig, Patrick"]
[Black "Ackermann, Frank"]
[Result "0-1"]
[WhiteElo "1788"]
[BlackElo "2103"]
[PlyCount "84"]
[EventDate "2003.08.01"]
[EventType "swiss"]
[EventRounds "9"]
[EventCountry "GER"]
[SourceTitle "CBM 095 Extra"]
[Source "ChessBase"]
[SourceDate "2003.09.04"]
[SourceVersion "1"]
[SourceVersionDate "2003.09.04"]
[SourceQuality "1"]

1. Nf3 d5 2. d4 Nf6 3. c4 c6 4. Nc3 e6 5. Bg5 dxc4 6. a4 Bb4 7. Bxf6 Qxf6 8. e3 b5 9. Nd2 Bb7 10. axb5 Bxc3 11. bxc3 cxb5 12. Qb1 Bc6 13. Ne4 Qe7 14. h4 Nd7 15. Ra6 Bxe4 16. Qxe4 0-0 17. Be2 Nf6 18. Qc6 Nd5 19. Qxb5 Nc7 20. Qxc4 Nxa6 21. Qxa6 Rfc8 22. Qa5 Qc7 23. Qxc7 Rxc7 24. Kd2 Rb8 25. c4 Rcb7 26. Bd3 Rb2+ 27. Bc2 Ra2 28. c5 Kf8 29. Kc3 a6 30. g4 Ra3+ 31. Kc4 a5 32. Rb1 Rxb1 33. Bxb1 Ke7 34. Bc2 Ra1 35. Kb5 Ra2 36. Ba4 Rxf2 37. e4 Rd2 38. Kc4 Re2 39. Bc6 Re3 40. Kb5 Kd8 41. Kxa5 Kc7 42. d5 Rxe4 0-1

[Event "Ruhrgebiet-ch U18"]
[Site "Muelheim"]
[Date "2002.03.24"]
[Round "2"]
[White "Grofig, Patrick"]
[Black "Herud, Martin"]
[Result "0-1"]
[WhiteElo "1735"]
[BlackElo "1868"]
[PlyCount "64"]
[EventDate "2002.??.??"]
[EventType "tourn"]
[EventRounds "7"]
[EventCountry "GER"]
[SourceTitle "EXT 2003"]
[Source "ChessBase"]
[SourceDate "2002.11.25"]
[SourceVersion "1"]
[SourceVersionDate "2002.11.25"]
[SourceQuality "1"]

1. d4 Nf6 2. Nf3 e6 3. c4 Bb4+ 4. Bd2 Qe7 5. Qc2 d5 6. Nc3 0-0 7. a3 Bxc3 8. Bxc3 b6 9. cxd5 Nxd5 10. e4 Nxc3 11. bxc3 c5 12. Be2 Bb7 13. 0-0 Nd7 14. Rad1 Rac8 15. Qb1 cxd4 16. cxd4 Qxa3 17. Bb5 Nf6 18. e5 Bxf3 19. Rd3 Rc3 20. exf6 Bh5 21. fxg7 Kxg7 22. Re1 Bg6 23. Rxc3 Qxc3 24. Qd1 Rd8 25. Qa1 Qxa1 26. Rxa1 Rxd4 27. f3 a5 28. Ra2 Bb1 29. Rb2 Rb4 30. Rxb4 axb4 31. Ba4 Ba2 32. Kf2 b3 0-1